El sentido práctico /

שמור ב:
מידע ביבליוגרפי
מחבר ראשי: Bourdieu, Pierre (autor)
פורמט: ספר
שפה:ספרדית
יצא לאור: Madrid, España : Taurus, 1991, c1991
סדרה:(Humanidades. Ciencias Sociales)
נושאים:
תגים: הוספת תג
אין תגיות, היה/י הראשונ/ה לתייג את הרשומה!

MARC

LEADER 00000nam^a2200000^a^4500
001 000115222
005 20250521000000.0
009 20260310094046.486
020 |a 84-306-0128-7 
037 |a Acervo ITESO - Biblioteca 
041 |a ESP 
082 |a 306. 4  |b BOU 
100 |a Bourdieu, Pierre  |e (autor) 
240 1 4 |a [El sentido práctico] 
245 1 3 |a El sentido práctico /  |c P. Bordieu ; tr. por Alvaro Pazos. 
264 4 |a Madrid, España :  |b Taurus,  |c 1991, c1991 
300 |a 451 p. 
336 |a texto  |b txt  |2 rdacontenido 
337 |a sin mediación  |b n  |2 rdamedio 
338 |a volumen  |b nc  |2 rdasoporte 
440 1 |a (Humanidades.  |p Ciencias Sociales) 
500 |a Traducción de: Le sens pratique 
649 |a XX 
650 |a Antropólogos -  |x Prácticas Profesionales 
650 |a Cabilas -  |x Condiciones Sociales y Culturales 
650 |a Bereberes -  |x Condiciones Sociales y Culturales 
650 |a Bearne, Francia -  |x Condiciones Sociales y Culturales 
650 |a Matrimonio -  |x Aspectos Sociales y Culturales 
650 |a Parentesco 
650 |a Prácticas Culturales -  |x Teoría 
650 |a Habitus -  |x Teoría 
650 |a Capital Cultural -  |x Teoría 
650 |a Objetividad y Subjetividad en la Ciencia 
650 |a Sociología de la Ciencia 
650 |a Filosofía de la Ciencia 
650 |a Etnología 
650 |a Antropología Cultural -  |x Prácticas Profesionales 
650 |a Antropología Cultural -  |x Metodología 
650 |a Antropología Cultural -  |x Teoría 
650 |a Antropología Cultural -  |x Filosofía 
650 |a Antropología Cultural -  |x Tema Principal 
910 |a Fondo General 
920 |a Impresos - Libros 
930 |a Colección General 
905 |a 101 
901 |a 0500051663  |b IT1  |c ACC  |u 20250521 
901 |a 0500353171  |b IT1  |c ACC  |i D118981  |u 20250521 
902 |a https://opac.biblio.iteso.mx/vufind/Record/000115222